[Event "Omegna op 4th"]
[Site "Omegna"]
[Date "2016.08.06"]
[Round "2"]
[White "Mina, Marco"]
[Black "Temi, Walter"]
[Result "1/2-1/2"]
[WhiteElo "2057"]
[BlackElo "2089"]
[PlyCount "54"]
[EventDate "2016.08.05"]
[EventType "swiss"]
[EventRounds "5"]
[EventCountry "ITA"]
[SourceTitle "EXT 2018"]
[Source "ChessBase"]
[SourceDate "2017.10.13"]
[SourceVersion "1"]
[SourceVersionDate "2017.10.13"]
[SourceQuality "1"]

1. e4 e6 2. d4 d5 3. Nd2 Nf6 4. e5 Nfd7 5. c3 c5 6. Bd3 Nc6 7. Ne2 cxd4 8. cxd4 f6 9. exf6 Nxf6 10. Nf3 Bd6 11. 0-0 0-0 12. Bf4 Bxf4 13. Nxf4 Ne4 14. Qc1 Qf6 15. Ne2 Nd6 16. Qd2 Bd7 17. Rac1 Be8 18. b4 a6 19. Qb2 Bg6 20. Ne5 Bxd3 21. Nxd3 Nc4 22. Qc3 Qh4 23. Nc5 Rf6 24. g3 Qh5 25. Nf4 Rxf4 26. gxf4 Nd2 27. Qxd2 Qg4+ 1/2-1/2

[Event "Robecchetto op 23rd"]
[Site "Robecchetto"]
[Date "2012.12.28"]
[Round "3"]
[White "Razzano, Lorenzo"]
[Black "Temi, Walter"]
[Result "1-0"]
[WhiteElo "1982"]
[BlackElo "2105"]
[PlyCount "81"]
[EventDate "2012.12.27"]
[EventType "swiss"]
[EventRounds "6"]
[EventCountry "ITA"]
[SourceTitle "EXT 2014"]
[Source "ChessBase"]
[SourceDate "2013.11.20"]
[SourceVersion "1"]
[SourceVersionDate "2013.11.20"]
[SourceQuality "1"]

1. e4 e6 2. Nf3 d5 3. Nc3 Nf6 4. e5 Nfd7 5. d4 c5 6. dxc5 Bxc5 7. Bd3 Nc6 8. Bf4 f6 9. exf6 Nxf6 10. Qe2 0-0 11. 0-0-0 Qa5 12. Kb1 Nb4 13. a3 Nc6 14. Bd2 Qd8 15. Rhe1 a6 16. g4 e5 17. g5 Ng4 18. Nxd5 Nxf2 19. Be3 Bxe3 20. Nxe3 Nxd1 21. Rxd1 Nd4 22. Nxd4 exd4 23. Bxh7+ Kxh7 24. Qh5+ Kg8 25. g6 Rf4 26. Qh7+ Kf8 27. Qh8+ Ke7 28. Qxg7+ Kd6 29. Nc4+ Kc6 30. Qe5 Rf5 31. Qe4+ Qd5 32. Qe8+ Qd7 33. Ne5+ Rxe5 34. Qxe5 Kb6 35. g7 Qg4 36. Rxd4 Qg1+ 37. Ka2 Bf5 38. Rb4+ Ka7 39. Qxf5 Qxg7 40. Qc5+ Kb8 41. Rf4 1-0

[Event "Robecchetto op-A 21th"]
[Site "Robecchetto"]
[Date "2010.12.29"]
[Round "4"]
[White "Temi, Walter"]
[Black "Siclari, Giovanni"]
[Result "1-0"]
[WhiteElo "2100"]
[BlackElo "1926"]
[PlyCount "61"]
[EventDate "2010.12.27"]
[EventType "swiss"]
[EventRounds "6"]
[EventCountry "ITA"]
[SourceTitle "EXT 2024"]
[Source "ChessBase"]
[SourceDate "2023.10.10"]
[SourceVersion "1"]
[SourceVersionDate "2023.10.10"]
[SourceQuality "1"]

1. e4 c5 2. Nf3 e6 3. c3 Nf6 4. e5 Nd5 5. d4 cxd4 6. cxd4 d6 7. Bc4 Nc6 8. 0-0 Nb6 9. Bd3 dxe5 10. dxe5 Nb4 11. Bb5+ Bd7 12. Bg5 Be7 13. Bxe7 Qxe7 14. Nc3 f6 15. exf6 gxf6 16. Bxd7+ Qxd7 17. Qb3 N4d5 18. Rfe1 Kf7 19. Rad1 Rhe8 20. Qc2 Kg8 21. Qe4 Nxc3 22. bxc3 Qf7 23. Rd6 Rad8 24. Red1 Rxd6 25. Rxd6 Qe7 26. Rd3 f5 27. Qe5 Qg7 28. Qb5 Rc8 29. Ne5 Nd5 30. Rg3 Qxg3 31. hxg3 1-0

[Event "Robecchetto op-A 21th"]
[Site "Robecchetto"]
[Date "2010.12.27"]
[Round "1"]
[White "Formento, Paolo"]
[Black "Temi, Walter"]
[Result "1-0"]
[WhiteElo "1976"]
[BlackElo "2100"]
[PlyCount "25"]
[EventDate "2010.12.27"]
[EventType "swiss"]
[EventRounds "6"]
[EventCountry "ITA"]
[SourceTitle "EXT 2024"]
[Source "ChessBase"]
[SourceDate "2023.10.10"]
[SourceVersion "1"]
[SourceVersionDate "2023.10.10"]
[SourceQuality "1"]

1. e4 b6 2. d4 Bb7 3. Nc3 e6 4. Bd3 Nf6 5. Nge2 d5 6. e5 Ng8 7. Ng3 Nc6 8. Nce2 Qh4 9. 0-0 0-0-0 10. c3 f6 11. Nf4 fxe5 12. Nxe6 e4 13. Bg5 1-0

[Event "Schwarzach op 23rd"]
[Site "Schwarzach"]
[Date "2008.08.20"]
[Round "5"]
[White "Temi, Walter"]
[Black "Braun, Peter"]
[Result "1/2-1/2"]
[WhiteElo "2105"]
[BlackElo "2232"]
[PlyCount "41"]
[EventDate "2008.08.16"]
[EventType "swiss"]
[EventRounds "9"]
[EventCountry "AUT"]
[SourceTitle "CBM 126 Extra"]
[Source "ChessBase"]
[SourceDate "2008.11.05"]
[SourceVersion "1"]
[SourceVersionDate "2008.11.05"]
[SourceQuality "1"]

1. e4 c5 2. Nf3 e6 3. c3 Nf6 4. e5 Nd5 5. d4 cxd4 6. cxd4 d6 7. Bc4 Nc6 8. 0-0 Be7 9. Qe2 0-0 10. Rd1 Na5 11. Bd3 Nb4 12. exd6 Qxd6 13. Nc3 Nxd3 14. Qxd3 b6 15. Bg5 Bb7 16. d5 exd5 17. Nxd5 Bxd5 18. Bxe7 Qxe7 19. Qxd5 Rad8 20. Qb5 h6 21. h3 1/2-1/2

[Event "Bratto op 26th"]
[Site "Bratto"]
[Date "2006.08.20"]
[Round "2"]
[White "Mazzilli, Piero"]
[Black "Temi, Walter"]
[Result "1-0"]
[WhiteElo "2310"]
[BlackElo "2105"]
[PlyCount "58"]
[EventDate "2006.08.19"]
[EventType "swiss"]
[EventRounds "9"]
[EventCountry "ITA"]
[SourceTitle "CBM 113 Extra"]
[Source "ChessBase"]
[SourceDate "2006.09.14"]
[SourceVersion "1"]
[SourceVersionDate "2006.09.14"]
[SourceQuality "1"]

1. e4 e6 2. d4 d5 3. Nc3 Nf6 4. e5 Nfd7 5. Nf3 c5 6. dxc5 Nc6 7. Bf4 Be7 8. Bd3 Nxc5 9. Qe2 a6 10. h4 Qc7 11. Bg3 Qa5 12. 0-0 Bd7 13. a3 Nxd3 14. Qxd3 Qd8 15. b4 Na7 16. Rfc1 0-0 17. h5 Bg5 18. Nxg5 Qxg5 19. Qf3 h6 20. Bf4 Qf5 21. Ne2 Rac8 22. Nd4 Qh7 23. c3 Nc6 24. Nb3 f6 25. Qe3 fxe5 26. Bxe5 Nxe5 27. Qxe5 Rf6 28. Nc5 Bc6 29. Re1 Re8 1-0

[Event "Venice Autumn op 11th"]
[Site "Venice"]
[Date "2005.10.30"]
[Round "3"]
[White "Tomelleri, Alessio"]
[Black "Temi, Walter"]
[Result "0-1"]
[WhiteElo "1994"]
[BlackElo "2086"]
[PlyCount "58"]
[EventDate "2005.10.29"]
[EventType "swiss"]
[EventRounds "6"]
[EventCountry "ITA"]
[SourceTitle "EXT 2006"]
[Source "ChessBase"]
[SourceDate "2005.11.24"]
[SourceVersion "1"]
[SourceVersionDate "2005.11.24"]
[SourceQuality "1"]

1. e4 b6 2. d4 Bb7 3. Bd3 e6 4. Nf3 c5 5. 0-0 cxd4 6. Nxd4 Nc6 7. Nxc6 dxc6 8. Qe2 Qc7 9. Nd2 e5 10. Nf3 Nf6 11. Nh4 0-0-0 12. a4 a5 13. Bd2 c5 14. Bg5 Be7 15. Nf5 h6 16. Nxe7+ Qxe7 17. Bc1 Nd7 18. c3 Nf8 19. b4 cxb4 20. cxb4 axb4 21. Be3 Rd6 22. a5 Ne6 23. Bxb6 Nf4 24. Qg4+ Kb8 25. Bb5 Rg6 26. Qf3 f5 27. a6 Bxe4 28. Qxe4 fxe4 29. g3 Rxb6 0-1

[Event "Bratto op 25th"]
[Site "Bratto"]
[Date "2005.08.21"]
[Round "2"]
[White "Castaldo, Folco"]
[Black "Temi, Walter"]
[Result "1-0"]
[WhiteElo "2352"]
[BlackElo "2092"]
[PlyCount "63"]
[EventDate "2005.08.20"]
[EventType "swiss"]
[EventRounds "9"]
[EventCountry "ITA"]
[SourceTitle "CBM 108 Extra"]
[Source "ChessBase"]
[SourceDate "2005.11.04"]
[SourceVersion "1"]
[SourceVersionDate "2005.11.04"]
[SourceQuality "1"]

1. e4 b6 2. d4 Bb7 3. Nc3 e6 4. a3 Nf6 5. Bd3 d5 6. e5 Nfd7 7. Nce2 c5 8. c3 c4 9. Bc2 Nc6 10. Nf4 Qe7 11. Nf3 0-0-0 12. h4 f6 13. exf6 gxf6 14. Qe2 Qf7 15. Be3 Bd6 16. 0-0-0 b5 17. g4 Rhe8 18. Rhg1 Nf8 19. g5 e5 20. dxe5 Nxe5 21. Nd4 fxg5 22. hxg5 Nc6 23. Qg4+ Kb8 24. Nxb5 Be5 25. g6 hxg6 26. Nxg6 Bc8 27. Nxe5 Bxg4 28. Nxf7 Bxd1 29. Nxd8 Bxc2 30. Nxc6+ Kb7 31. Nd6+ Kxc6 32. Nxe8 1-0

[Event "Robecchetto op"]
[Site "Robecchetto"]
[Date "2004.12.28"]
[Round "4"]
[White "Temi, Walter"]
[Black "Volpi, Davide"]
[Result "1-0"]
[WhiteElo "2099"]
[BlackElo "2069"]
[PlyCount "79"]
[EventDate "2004.12.27"]
[EventType "swiss"]
[EventRounds "6"]
[EventCountry "ITA"]
[SourceTitle "CBM 104 Extra"]
[Source "ChessBase"]
[SourceDate "2005.03.01"]
[SourceVersion "1"]
[SourceVersionDate "2005.03.01"]
[SourceQuality "1"]

1. e4 c5 2. Nf3 Nc6 3. Bc4 d6 4. d4 cxd4 5. Nxd4 Nf6 6. Nc3 e6 7. Be3 Be7 8. Qe2 0-0 9. Bb3 a6 10. 0-0-0 Qc7 11. g4 b5 12. g5 Nxd4 13. Bxd4 Nd7 14. Rhg1 Nc5 15. Qh5 b4 16. Qh6 Nxb3+ 17. axb3 e5 18. Nd5 gxh6 19. gxh6+ Kh8 20. Nxc7 Rb8 21. Be3 Bb7 22. Nd5 Bxd5 23. Rxd5 Rg8 24. Rg3 Rg6 25. Kd2 Bf8 26. Kd3 Rc8 27. Ra5 Ra8 28. Rxg6 hxg6 29. Ra4 f5 30. f3 d5 31. exd5 Bd6 32. c4 bxc3 33. bxc3 a5 34. c4 Bb4 35. Bd2 Bxd2 36. Kxd2 Rb8 37. Kc3 e4 38. fxe4 f4 39. Rxa5 f3 40. Ra2 1-0

[Event "Bratto op 24th"]
[Site "Bratto"]
[Date "2004.08.28"]
[Round "9"]
[White "Temi, Walter"]
[Black "Ticozzi, Stefano"]
[Result "1/2-1/2"]
[WhiteElo "2101"]
[BlackElo "2079"]
[PlyCount "44"]
[EventDate "2004.08.20"]
[EventType "swiss"]
[EventRounds "9"]
[EventCountry "ITA"]
[SourceTitle "CBM 101 Extra"]
[Source "ChessBase"]
[SourceDate "2004.09.01"]
[SourceVersion "2"]
[SourceVersionDate "2004.09.01"]
[SourceQuality "1"]

1. e4 c5 2. Nf3 Nc6 3. Bc4 d6 4. d4 cxd4 5. Nxd4 Nf6 6. Nc3 Qb6 7. Nxc6 bxc6 8. 0-0 g6 9. Bb3 Bg7 10. Be3 Qc7 11. h3 0-0 12. Qd2 Ba6 13. Rfe1 Nd7 14. Bh6 Nc5 15. Bxg7 Kxg7 16. f4 e5 17. Qf2 exf4 18. e5 Nxb3 19. axb3 Bc8 20. exd6 Qxd6 21. Rad1 Qc7 22. Qd4+ f6 1/2-1/2

[Event "Bratto op 24th"]
[Site "Bratto"]
[Date "2004.08.25"]
[Round "6"]
[White "Temi, Walter"]
[Black "Saulnier, Jean"]
[Result "1/2-1/2"]
[WhiteElo "2101"]
[BlackElo "2000"]
[PlyCount "47"]
[EventDate "2004.08.20"]
[EventType "swiss"]
[EventRounds "9"]
[EventCountry "ITA"]
[SourceTitle "CBM 101 Extra"]
[Source "ChessBase"]
[SourceDate "2004.09.01"]
[SourceVersion "2"]
[SourceVersionDate "2004.09.01"]
[SourceQuality "1"]

1. e4 e5 2. Nf3 Nc6 3. Nc3 Nf6 4. Bb5 Bd6 5. d3 h6 6. 0-0 0-0 7. a3 Re8 8. Bc4 Bf8 9. Re1 d6 10. b4 a6 11. Nd5 b5 12. Bb3 Be6 13. Nxf6+ Qxf6 14. c3 Bxb3 15. Qxb3 Qe6 16. Qxe6 fxe6 17. d4 exd4 18. cxd4 Ne7 19. Be3 a5 20. Rec1 axb4 21. axb4 Rxa1 22. Rxa1 Nc6 23. Rc1 Nxb4 24. Rxc7 1/2-1/2

[Event "Bratto op 24th"]
[Site "Bratto"]
[Date "2004.08.20"]
[Round "1"]
[White "Piscopo, Pierluigi"]
[Black "Temi, Walter"]
[Result "1-0"]
[WhiteElo "2367"]
[BlackElo "2101"]
[PlyCount "125"]
[EventDate "2004.08.20"]
[EventType "swiss"]
[EventRounds "9"]
[EventCountry "ITA"]
[SourceTitle "CBM 101 Extra"]
[Source "ChessBase"]
[SourceDate "2004.09.01"]
[SourceVersion "2"]
[SourceVersionDate "2004.09.01"]
[SourceQuality "1"]

1. e4 b6 2. d4 Bb7 3. Nd2 e6 4. Ngf3 c5 5. c3 cxd4 6. cxd4 Nf6 7. Bd3 Nc6 8. a3 Be7 9. 0-0 d6 10. Qe2 a6 11. b4 b5 12. Bb2 d5 13. e5 Nd7 14. Nb3 Nb6 15. Nc5 Bxc5 16. bxc5 Nc4 17. Bc3 Na7 18. Ne1 Qe7 19. f4 g6 20. Nc2 h5 21. Ne1 Qd7 22. Nf3 Nc8 23. Be1 Ne7 24. Bh4 Nf5 25. Bf6 Rg8 26. Bxf5 exf5 27. Ng5 Qc6 28. e6 fxe6 29. Nxe6 Kf7 30. Nd8+ Kxf6 31. Nxc6 Bxc6 32. Qf2 Rge8 33. Rfe1 Re4 34. Qh4+ Kf7 35. a4 bxa4 36. Rxe4 dxe4 37. d5 Bxd5 38. Rxa4 Rb8 39. Qe1 e3 40. Rxc4 Bxc4 41. Qc1 Bd5 42. Qxe3 Be4 43. Qc3 Rc8 44. Qc4+ Ke7 45. Qxa6 Rxc5 46. Qxg6 Rc1+ 47. Kf2 Rc2+ 48. Ke3 Rxg2 49. Qxh5 Kd6 50. Qh8 Ke6 51. h4 Rg3+ 52. Kd4 Rd3+ 53. Kc4 Rf3 54. Kc5 Kf7 55. Qh7+ Kf6 56. h5 Rc3+ 57. Kd4 Rd3+ 58. Kc4 Rh3 59. Qg6+ Ke7 60. h6 Bf3 61. h7 Bh5 62. Qg5+ Kd6 63. Qf6+ 1-0

[Event "Bratto op 21st"]
[Site "Bratto"]
[Date "2001.08.25"]
[Round "4"]
[White "Lapiccirella, Daniele"]
[Black "Temi, Walter"]
[Result "1/2-1/2"]
[WhiteElo "2098"]
[BlackElo "2067"]
[PlyCount "70"]
[EventDate "2001.08.22"]
[EventType "swiss"]
[EventRounds "9"]
[EventCountry "ITA"]
[SourceTitle "EXT 2002"]
[Source "ChessBase"]
[SourceDate "2001.11.25"]
[SourceVersion "1"]
[SourceVersionDate "2001.11.25"]
[SourceQuality "1"]

1. d4 Nf6 2. c4 g6 3. Nf3 Bg7 4. e3 0-0 5. Nbd2 c5 6. Be2 cxd4 7. exd4 d5 8. 0-0 Nc6 9. Nb3 dxc4 10. Bxc4 b6 11. d5 Nb4 12. Qe2 Nbxd5 13. Rd1 e6 14. Bg5 Bb7 15. Rac1 h6 16. Bh4 g5 17. Bg3 Nh5 18. Bxd5 Nxg3 19. hxg3 Bxd5 20. Ne5 Rc8 21. Nc6 Qd7 22. Nb4 Rxc1 23. Nxc1 Qc8 24. Nxd5 exd5 25. Nb3 Re8 26. Qd2 Qc4 27. Qxd5 Qxd5 28. Rxd5 Bxb2 29. Rd7 a5 30. Rd6 Re1+ 31. Kh2 Re6 32. Rd8+ Kg7 33. Rb8 Rd6 34. Nxa5 bxa5 35. Rxb2 Rd5 1/2-1/2

[Event "Bratto op 19th"]
[Site "Bratto"]
[Date "1999.??.??"]
[Round "7"]
[White "Menoni, Vincenzo"]
[Black "Temi, Walter"]
[Result "1-0"]
[WhiteElo "2281"]
[BlackElo "2096"]
[PlyCount "91"]
[EventDate "1999.??.??"]
[EventType "swiss"]
[EventRounds "9"]
[EventCountry "ITA"]
[SourceTitle "EXT 2000"]
[Source "ChessBase"]
[SourceDate "1999.11.16"]
[SourceVersion "1"]
[SourceVersionDate "1999.11.16"]
[SourceQuality "1"]

1. e4 b6 2. d4 Bb7 3. Bd3 e6 4. Nf3 c5 5. c3 d5 6. e5 Qd7 7. 0-0 Ba6 8. Bxa6 Nxa6 9. Qe2 Nc7 10. a4 c4 11. Nbd2 Ne7 12. b3 cxb3 13. Nxb3 Nc6 14. Bd2 Be7 15. Ne1 0-0 16. Nd3 Rac8 17. f4 f5 18. g4 Qe8 19. g5 h5 20. gxh6 gxh6 21. Rf3 Kh7 22. Rg3 Rg8 23. Kh1 Qf7 24. a5 Rg4 25. Rxg4 fxg4 26. axb6 axb6 27. Qxg4 Rg8 28. Qf3 Qg6 29. Rf1 Qf5 30. Rg1 Rxg1+ 31. Kxg1 Bd8 32. Be1 Na5 33. Nbc1 Qe4 34. Kg2 Qxf3+ 35. Kxf3 Kg6 36. Ne2 h5 37. Ng3 h4 38. Nf1 Kh5 39. Ne3 Nc4 40. Nxc4 dxc4 41. Nb4 Be7 42. Nc2 b5 43. h3 Kg6 44. Ke4 Bd8 45. Ne3 Be7 46. f5+ 1-0